000 00586nam a22001817a 4500
003 OSt
005 20260202094745.0
008 260202b |||||||| |||| 00| 0 eng d
020 _a2092402706
040 _cChuka University Library
050 _aREF BS 551.2 .H37 1994
100 _aHastings,Selina
_922894
245 _aLa Bible illustre'e; l'histoire, les textes, les documents
260 _aParis
_bDorling Kindersley limited
_c1994
300 _a320p.
650 _a1.Bible---stories, French 2.Bible stories ---juvenile 3.Christianity----scriptures
_922895
942 _2lcc
_cBK
_n0
999 _c21345
_d21345